000 03012cam a2200349 i 4500
001 20789668
003 JO-AjAnu
005 20241020105200.0
008 181221s2019 maua b 001 0 eng
010 _a 2018059550
020 _a9780262537551
_q(pbk. ;
_qalk. paper)
040 _aDLC
_beng
_cDLC
_erda
_dDLC
_dJO-AjAnu
041 _aENG
042 _apcc
050 0 0 _aQ325.5
_b.K454 2019
082 0 0 _a006.3/1
_223
100 1 _aKelleher, John D.,
_d1974-
_eauthor.
245 1 0 _aDeep learning /
_cJohn D. Kelleher.
264 1 _aCambridge, Massachusetts :
_bThe MIT Press,
_c[2019]
300 _ax, 280 pages :
_billustrations ;
_c18 cm.
336 _atext
_btxt
_2rdacontent
337 _aunmediated
_bn
_2rdamedia
338 _avolume
_bnc
_2rdacarrier
490 0 _aThe MIT press essential knowledge series
504 _aIncludes bibliographical references (pages [261]-265) and index.
520 _a"Artificial Intelligence is a disruptive technology across business and society. There are three long-term trends driving this AI revolution: the emergence of Big Data, the creation of cheaper and more powerful computers, and development of better algorithms for processing an learning from data. Deep learning is the subfield of Artificial Intelligence that focuses on creating large neural network models that are capable of making accurate data driven decisions. Modern neural networks are the most powerful computational models we have for analyzing massive and complex datasets, and consequently deep learning is ideally suited to take advantage of the rapid growth in Big Data and computational power. In the last ten years, deep learning has become the fundamental technology in computer vision systems, speech recognition on mobile phones, information retrieval systems, machine translation, game AI, and self-driving cars. It is set to have a massive impact in healthcare, finance, and smart cities over the next years. This book is designed to give an accessible and concise, but also comprehensive, introduction to the field of Deep Learning. The book explains what deep learning is, how the field has developed, what deep learning can do, and also discusses how the field is likely to develop in the next 10 years. Along the way, the most important neural network architectures are described, including autoencoders, recurrent neural networks, long short-term memory networks, convolutional networks, and more recent developments such as Generative Adversarial Networks, transformer networks, and capsule networks. The book also covers the two more important algorithms for training a neural network, the gradient descent algorithm and Backpropagation"--
_cProvided by publisher.
650 0 _aMachine learning.
650 0 _aArtificial intelligence.
906 _a7
_bcbc
_corignew
_d1
_eecip
_f20
_gy-gencatlg
942 _2lcc
_cBK
_n0
999 _c33802
_d33802